000
00336nam a2200157Ia 4500
100
_a
Schilling/Taub
250
_a
2
942
_c
BK
654
_a
communication
245
_a
Principles of Communication system
260
_b
Tata Mc Graw hill
_c
1986
082
_a
621.382
_b
SCH
300
_a
759
546
_a
ENGLISH
999
_c
34401
_d
34401